000 01021nam a2200229 a 4500
003 MX-MxUPN
005 20250208063748.0
007 cr
008 240108s2021 mx |||||o|||| 000 0 spa d
040 _aMX-MxUPN
_bspa
_cMX-MxUPN
_eaacr2
041 0 _aspa
050 1 4 _aHV1559 A44
245 0 0 _aRespuesta inclusiva al COVID-19 con perspectiva de discapacidad en Latinoamérica y el Caribe :
_bbuenas prácticas y propuestas de acción
_h[recurso electrónico en línea]
260 _aParís :
_bOrganización de las Naciones Unidas para la Educación, la Ciencia y la Cultura,
_c2021.
300 _a1 recurso en línea (34 páginas) :
_bPDF
506 0 _aAcceso abierto.
650 4 _aPersonas con discapacidad
_zAmérica Latina
_xCondiciones sociales
_950743
650 4 _aPandemia de COVID-19, 2020-2023
_xAspectos sociales
_946845
856 4 0 _uhttps://unesdoc.unesco.org/ark:/48223/pf0000378412?posInSet=8&queryId=N-3bb688e9-ce59-4c49-b223-7131795aee05
902 _aVíctor Ruiz/080124
942 _2lcc
_cLIBRO-E
999 _c210720
_d210720